5HLuxD.jpg

KING HENRY VIII SENIOR AND PRIMARY SCHOOL LIBRARY OPAC

Wildcard / (Record no. 1019)

000 -LEADER
fixed length control field 01143nam a22002417a 4500
005 - DATE AND TIME OF LATEST TRANSACTION
control field 20200313105306.0
008 - FIXED-LENGTH DATA ELEMENTS--GENERAL INFORMATION
fixed length control field 200313b ||||| |||| 00| 0 eng d
020 ## - INTERNATIONAL STANDARD BOOK NUMBER
International Standard Book Number 9780399548000
040 ## - CATALOGING SOURCE
Transcribing agency KH8
082 ## - DEWEY DECIMAL CLASSIFICATION NUMBER
Classification number FIC LU
100 ## - MAIN ENTRY--PERSONAL NAME
Personal name Lu, Mari
Relator term author
245 ## - TITLE STATEMENT
Title Wildcard /
Statement of responsibility, etc. Marie Lu
260 ## - PUBLICATION, DISTRIBUTION, ETC.
Place of publication, distribution, etc. New York :
Name of publisher, distributor, etc. Penguin Books,
Date of publication, distribution, etc. 2019. ©2018.
300 ## - PHYSICAL DESCRIPTION
Extent 341, 10 pages ;
Dimensions 24 cm.
500 ## - GENERAL NOTE
General note Includes sneak peek of The Kingdom of Back.
500 ## - GENERAL NOTE
General note Sequel to Warcross
520 ## - SUMMARY, ETC.
Summary, etc. For the millions who log in every day, Warcross isn't just a game - it's a way of life. And teenage hacker Emika Chen has found herself caught up in a conflict that could change the world. Warcross creator, Hideo Tanaka, wants to use to the game to control peoples' thoughts and feelings, effectively ending free will - Zero, a mysterious (and dangerous) hacker, wants to stop him. Now Emika must decide who she will fight for. The game is on ...
650 ## - SUBJECT ADDED ENTRY--TOPICAL TERM
Topical term or geographic name entry element Internet games
Form subdivision Juvenile fiction.
650 ## - SUBJECT ADDED ENTRY--TOPICAL TERM
Topical term or geographic name entry element Computer crimes
Form subdivision Juvenile fiction.
650 ## - SUBJECT ADDED ENTRY--TOPICAL TERM
Topical term or geographic name entry element Hackers
Form subdivision Juvenile fiction.
650 ## - SUBJECT ADDED ENTRY--TOPICAL TERM
Topical term or geographic name entry element Young adult fiction.
942 ## - ADDED ENTRY ELEMENTS (KOHA)
Source of classification or shelving scheme
Koha item type Books - Fiction
Holdings
Withdrawn status Lost status Source of classification or shelving scheme Damaged status Not for loan Collection code Permanent Location Current Location Shelving location Date acquired Total Checkouts Full call number Barcode Date last seen Date last checked out Price effective from Koha item type
          Fiction KH8 Senior School Library KH8 Senior School Library Fiction 2020-03-13 4 FIC LU 3KHSL000101762 2024-11-21 2024-11-21 2020-03-13 Books - Fiction

Powered By KH8 IT Dept